Sí mismo como otro / (Registro nro. 67113)
[ vista simple ]
| 000 -LEADER | |
|---|---|
| fixed length control field | 00916nam a2200301 u 4500 |
| 001 - CONTROL NUMBER | |
| control field | 67113 |
| 005 - DATE AND TIME OF LATEST TRANSACTION | |
| control field | 20191007111045.0 |
| 008 - FIXED-LENGTH DATA ELEMENTS--GENERAL INFORMATION | |
| fixed length control field | 170403s2003 mx r 000 0 spa d |
| 020 ## - INTERNATIONAL STANDARD BOOK NUMBER | |
| International Standard Book Number | 9682320038 |
| 040 ## - CATALOGING SOURCE | |
| Description conventions | rda |
| 041 0# - LANGUAGE CODE | |
| Language code of text/sound track or separate title | spa |
| 082 0# - DEWEY DECIMAL CLASSIFICATION NUMBER | |
| Classification number | 126 |
| Item number | RIC |
| 100 1# - MAIN ENTRY--PERSONAL NAME | |
| Personal name | Ricœur, Paul, |
| Relator term | autor |
| 245 10 - TITLE STATEMENT | |
| Title | Sí mismo como otro / |
| Statement of responsibility, etc. | Paul Ricoeur ; traducción de Agustín Neira Calvo. |
| 250 ## - EDITION STATEMENT | |
| Edition statement | Segunda edición |
| 264 #1 - PRODUCTION, PUBLICATION, DISTRIBUTION, MANUFACTURE, AND COPYRIGHT NOTICE | |
| Place of production, publication, distribution, manufacture | España : |
| Name of producer, publisher, distributor, manufacturer | Siglo XXI editores, |
| Date of production, publication, distribution, manufacture, or copyright notice | 2003 |
| 300 ## - PHYSICAL DESCRIPTION | |
| Extent | xl, 415 páginas ; |
| Dimensions | 21 cm. |
| 336 ## - CONTENT TYPE | |
| Content type term | texto |
| Source | rdacontent |
| Content type code | txt |
| 337 ## - MEDIA TYPE | |
| Media type term | sin medio |
| Source | rdamedia |
| Media type code | n |
| 338 ## - CARRIER TYPE | |
| Carrier type term | volumen |
| Source | rdacarrier |
| Carrier type code | nc |
| 490 0# - SERIES STATEMENT | |
| Series statement | Filosofía |
| 650 #4 - SUBJECT ADDED ENTRY--TOPICAL TERM | |
| Topical term or geographic name entry element | Identidad personal |
| General subdivision | Filosofía |
| 650 #4 - SUBJECT ADDED ENTRY--TOPICAL TERM | |
| Topical term or geographic name entry element | Hermenéutica |
| 650 #4 - SUBJECT ADDED ENTRY--TOPICAL TERM | |
| Topical term or geographic name entry element | Filosofía de lenguaje |
| 700 1# - ADDED ENTRY--PERSONAL NAME | |
| Personal name | Neira Calvo, Agustín, |
| Relator term | traductor |
| 740 0# - ADDED ENTRY--UNCONTROLLED RELATED/ANALYTICAL TITLE | |
| Uncontrolled related/analytical title | soi-même comme un autre |
| 942 ## - ADDED ENTRY ELEMENTS (KOHA) | |
| Classification part | 126 |
| Item part | RIC |
| Koha item type | Libro |
| Withdrawn status | Lost status | Source of classification or shelving scheme | Damaged status | Not for loan | Collection code | Home library | Current library | Shelving location | Date acquired | Source of acquisition | Inventory number | Total Checkouts | Total Renewals | Full call number | Barcode | Date last seen | Date last checked out | Price effective from | Koha item type |
|---|---|---|---|---|---|---|---|---|---|---|---|---|---|---|---|---|---|---|---|
| Dewey Decimal Classification | General | Biblioteca Karol Wojtyla | Biblioteca Karol Wojtyla | Sala general | 03/04/2017 | Compra | 151000000000000000060726 | 4 | 2 | 126 RIC 2003 | 92783 | 27/04/2026 | 27/04/2026 | 03/04/2017 | Libro |